| 000 | 00408cam a2200181ua 4500 | ||
|---|---|---|---|
| 001 | 7944 | ||
| 008 | 150105n ii |||gr||||Z||||||hin | ||
| 040 | _cMAIN | ||
| 041 | _ahin | ||
| 082 | _a891.433 | ||
| 245 |
_aVitan _bPart II |
||
| 250 | _a1st. | ||
| 260 |
_aGuwahati: _bAssam, _c2011. |
||
| 300 | _aix,81p. | ||
| 653 | _aEast Indo-European & Celtic literatures | ||
| 653 | _aHindi stories | ||
| 942 | _cBK | ||
| 999 |
_c7064 _d7064 |
||